UBT Library

Physical nonequilibrium in soils : (Record no. 40142)

000 -LEADER
fixed length control field 00795cam a2200229 a 4500
001 - CONTROL NUMBER
control field 3545672
005 - DATE AND TIME OF LATEST TRANSACTION
control field 20180111092054.0
008 - FIXED-LENGTH DATA ELEMENTS--GENERAL INFORMATION
fixed length control field 971113s1998 miua b 001 0 eng
010 ## - LIBRARY OF CONGRESS CONTROL NUMBER
LC control number 97048516
020 ## - INTERNATIONAL STANDARD BOOK NUMBER
International Standard Book Number 1575040492
040 ## - CATALOGING SOURCE
Original cataloging agency DLC
Transcribing agency DLC
Modifying agency DLC
041 ## - LANGUAGE CODE
Language code of text/sound track or separate title eng
080 ## - UNIVERSAL DECIMAL CLASSIFICATION NUMBER
Universal Decimal Classification number 631.4 SEL
082 00 - DEWEY DECIMAL CLASSIFICATION NUMBER
Classification number 631.4 SEL
Edition number 21
100 ## - Rafti
Rafti 42
101 ## - Shkurtesa
Shkurtesa GEO
245 00 - TITLE STATEMENT
Title Physical nonequilibrium in soils :
Statement of responsibility, etc edited by H. Magdi Selim, Liwang Ma.
504 ## - BIBLIOGRAPHY, ETC. NOTE
Bibliography, etc Includes bibliographical references and index.
906 ## - LOCAL DATA ELEMENT F, LDF (RLIN)
a 7
b cbu
c orignew
d 1
e ocip
f 19
g y-gencatlg
942 ## - ADDED ENTRY ELEMENTS (KOHA)
Source of classification or shelving scheme
Item type Books
Holdings
Withdrawn status Lost status Source of classification or shelving scheme Damaged status Not for loan Collection code Permanent location Current location Shelving location Date acquired Total Checkouts Full call number Barcode Date last seen Price effective from Koha item type
          Koleksioni i përgjithshem UBT - Lipjan UBT - Lipjan Koleksioni i përgjithshem 01/11/2018   631.4 SEL 002-2994924 01/11/2018 01/11/2018 Books
UBT Library © 2015-2024. All rights reserved University Education for Business and Technology